Sermon of one hundred days (Record no. 1115189)

MARC details
000 -LEADER
fixed length control field 00794nam a2200277Ia 4500
003 - CONTROL NUMBER IDENTIFIER
control field OSt
005 - DATE AND TIME OF LATEST TRANSACTION
control field 20221006161015.0
008 - FIXED-LENGTH DATA ELEMENTS--GENERAL INFORMATION
fixed length control field 221006b |||||||| |||| 00| 0 eng d
020 ## - INTERNATIONAL STANDARD BOOK NUMBER
International Standard Book Number 9781845536312
037 ## - SOURCE OF ACQUISITION
Terms of availability Textual
040 ## - CATALOGING SOURCE
Original cataloging agency EASL
Transcribing agency EASL
Language of cataloging eng
041 ## - LANGUAGE CODE
Source of code eng
Language code of text/sound track or separate title eng
100 ## - MAIN ENTRY--PERSONAL NAME
Personal name SEONGCHEOL Venerable
9 (RLIN) 675690
245 #0 - TITLE STATEMENT
Title Sermon of one hundred days
260 ## - PUBLICATION, DISTRIBUTION, ETC.
Place of publication, distribution, etc. London
Name of publisher, distributor, etc. Equinox Publishing Ltd
Date of publication, distribution, etc. 2010
300 ## - PHYSICAL DESCRIPTION
Extent 179p.
Dimensions cm.
490 ## - SERIES STATEMENT
Volume/sequential designation KEL
700 ## - ADDED ENTRY--PERSONAL NAME
Personal name COVILL Lina Ed.
9 (RLIN) 675691
700 ## - ADDED ENTRY--PERSONAL NAME
Personal name SOON-II Hwang Tr.
9 (RLIN) 675692
942 ## - ADDED ENTRY ELEMENTS (KOHA)
Classification part Q4.495.N9, Q0.1
Koha item type Textual
Source of classification or shelving scheme Colon Classification (CC)
Holdings
Withdrawn status Lost status Source of classification or shelving scheme Damaged status Not for loan Home library Current library Date acquired Serial Enumeration / chronology Total Checkouts Full call number Barcode Date last seen Price effective from Koha item type
    Colon Classification (CC)     Department of East Asian Studies Library Department of East Asian Studies Library 2022-10-06 KEL   Q4.495.N9 Q0.1 EA1604415 2022-10-06 2022-10-06 Textual
Copyright @ Delhi University Library System